| 000 | 00634nam a2200229 i 4500 | ||
|---|---|---|---|
| 999 |
_c5903 _d5903 |
||
| 001 | 3230713 | ||
| 003 | GZU | ||
| 005 | 20210414095724.0 | ||
| 008 | 800102s1975 sa 000 0 nic | ||
| 010 | _a 79115776 | ||
| 020 | _a0949981478 | ||
| 040 |
_aDLC _cDLC _dDLC |
||
| 050 | 0 | 0 |
_aPL8745 RIK 1975 _bM3 |
| 100 | 1 | _aRikhotso, Freddy. | |
| 245 | 1 | 0 |
_aMavondzo a ya hakeri / _chi Freddy Rikhotso. |
| 260 |
_aBraamfontein, Johannesburg : _bSasavona, _c[1975] |
||
| 300 |
_a40 p. ; _c19 cm. |
||
| 500 | _aVenda | ||
| 600 | _2Venda literature | ||
| 906 |
_a7 _bcbc _corignew _d4 _encip _f19 _gy-gencatlg |
||
| 942 |
_2lcc _cBK _h8745 _iRIK _kPL |
||